LEADER 00880nam a2200217 i 4500 001 000000228360 003 CaOOAMICUS 005 20190812155400.0 008 170131s1894 it u000 u ita u 013 $a207262 040 $aSeMil$bita 100 1 $aLusini, Vittorio.$0(OLS)http://semarc/name/56062 245 10$aStoria della Basilica di s. Francesco in Siena /$cper V. Lusini. 260 $aSiena :$bTip. edit. S. Bernardino,$c1894. 300 $a296 p. ;$c24 cm. 650 4$aSiena - Chiese - Basilica di San Francesco.$0(OLS)http://semarc/subject/46715 850 $aSeMil 852 $aSeMil$W1$xVenegono$y1$m3P VII 9 FA$j178706$B178706$CSeMilBibl$Z2$F189611 $8I 996 $6245$aStoria della Basilica di s. Francesco in Siena$9(OLS)http://semarc/title/409713 996 $6260$aSiena :$bTip. edit. S. Bernardino$9(OLS)http://semarc/publisher/42119 LEADER 01185nam a2200253 i 4500 001 000000128384 003 CaOOAMICUS 005 20040722000000.0 008 040722s1965 it u000 u ita u 013 $a101110 040 $aSeMil$bita 245 13$aLa Villa dei Misteri a Pompei /$ctesto di Antonio Frova. 260 $aGinevra :$bSkira,$ccopyr. 1965. 260 $aMilano :$bFratelli Fabbri Editori,$ccopyr. 1965. 300 $a38 p. :$bill. ;$c36 cm. 490 0 $aL'arte racconta : le grandi imprese decorative nell'artedi tutti i tempi ;$v1.[13] 650 4$aPompei - Villa dei Misteri - Affreschi.$0(OLS)http://semarc/subject/25334 700 1 $aFrova, Antonio.$0(OLS)http://semarc/name/53437 830 2$aL'arte racconta : le grandi imprese decorative nell'artedi tutti i tempi ;$v1.[13].$0(OLS)http://semarc/title/15814 850 $aSeMil 852 $aSeMil$W1$xVenegono$y1$m5J VII 13/1$j82609$B82609$CSeMilBibl$Z2$F84949 $81 996 $6245$aLa Villa dei Misteri a Pompei$9(OLS)http://semarc/title/189712 996 $6260$aMilano :$bFratelli Fabbri Editori$9(OLS)http://semarc/publisher/29845 996 $6260$aGinevra :$bSkira$9(OLS)http://semarc/publisher/33287